Nación y nacionalismo en América Latina /
A comienzos de la década de los ochenta tres presidentes, en América Latina, calificados como populistas estuvieron a la cabeza de la transformación de sus países en cuanto a la apertura de sus fronteras, la reducción del peso del estado y el libre juego del mercado. El capitulo discute el concepto...
Guardado en:
| Hovedforfatter: | |
|---|---|
| Andre forfattere: | |
| Format: | Texto |
| Udgivet: |
Buenos Aires:
CLACSO
|
| Fag: | |
| Tags: |
Tilføj Tag
Ingen Tags, Vær først til at tagge denne postø!
|
MARC
| LEADER | 00000 a a2200000 04500 | ||
|---|---|---|---|
| 001 | 35041 | ||
| 003 | |||
| 040 | |a CRAI/IIS |c CRAI/IIS | ||
| 020 | |a 958-806343-4 | ||
| 090 | |a 0001 G643n | ||
| 100 | |a González, Jorge Enrique | ||
| 245 | |a Nación y nacionalismo en América Latina / |c Jorge Enrique González | ||
| 260 | |a Buenos Aires: |b CLACSO | ||
| 300 | |a 335 p. | ||
| 520 | |a A comienzos de la década de los ochenta tres presidentes, en América Latina, calificados como populistas estuvieron a la cabeza de la transformación de sus países en cuanto a la apertura de sus fronteras, la reducción del peso del estado y el libre juego del mercado. El capitulo discute el concepto de populismo, qué aspectos comprende, cómo es el Estado y el discurso desde el populismo y cómo se ha manifestado en América Latina | ||
| 650 | |a POPULISMO | ||
| 650 | |a AMERICA LATINA | ||
| 650 | |a TEORIA | ||
| 700 | |a ed. | ||
| 999 | |c 6827 |d 6827 | ||



